Citizenship and cultural policy (Record no. 55512)
[ view plain ]
| 000 -LEADER | |
|---|---|
| fixed length control field | 01413nam a2200361 a 4500 |
| 082 04 - DEWEY DECIMAL CLASSIFICATION NUMBER | |
| Classification number | 323.6 |
| 245 00 - TITLE STATEMENT | |
| Title | Citizenship and cultural policy |
| 250 ## - EDITION STATEMENT | |
| Edition statement | Rev. ed. |
| 260 ## - PUBLICATION, DISTRIBUTION, ETC. (IMPRINT) | |
| Place of publication | London ; |
| -- | Thousand Oaks, Calif. : |
| Name of publisher | SAGE, |
| Year of publication | 2001. |
| 300 ## - PHYSICAL DESCRIPTION | |
| Number of Pages | xxx, 166 p. |
| 500 ## - GENERAL NOTE | |
| General note | "Originally published as a special issue of the American behavioral scientist (volume 43, number 9, June/July 2000"--T.p. verso. |
| 650 #0 - SUBJECT ADDED ENTRY--TOPICAL TERM | |
| Topical Term | Citizenship. |
| Topical Term | Cultural policy. |
| 700 1# - ADDED ENTRY--PERSONAL NAME | |
| Personal name | Meredyth, Denise. |
| Personal name | Minson, Jeffrey, |
| 856 40 - ELECTRONIC LOCATION AND ACCESS | |
| Uniform Resource Identifier | http://site.ebrary.com/lib/rucke/Doc?id=10080859 |
No items available.
